The Impact of Foreign Direct Investment on Economic Growth in Türkiye: ARDL Approach

Skúmanie vplyvu priamych zahraničných investícií (PZI) na ekonomický rast v Turecku. Štúdia pokrýva obdobie od 2. štvrťroka 2006 do 4. štvrťroka 2019. Súbory údajov časových radov získané z databázy CBT a FRED boli použité na štatistické analýzy, vrátane ADF, PP, Zivot Andrews Unit Root Tests, ARDL...

ver descrição completa

Na minha lista:
Detalhes bibliográficos
Autor principal: Karimov, Mehman
Outros Autores: Huseynova, Emilia
Formato: Capítulo de Livro
Idioma:inglês
Assuntos:
Tags: Adicionar Tag
Sem tags, seja o primeiro a adicionar uma tag!

MARC

LEADER 00000naa a2200000 4500
001 0303965
005 20240905090136.6
041 0 |a eng 
044 |a CZ 
245 1 0 |a The Impact of Foreign Direct Investment on Economic Growth in Türkiye: ARDL Approach  |c Mehman Karimov, Emilia Huseynova 
520 |a Skúmanie vplyvu priamych zahraničných investícií (PZI) na ekonomický rast v Turecku. Štúdia pokrýva obdobie od 2. štvrťroka 2006 do 4. štvrťroka 2019. Súbory údajov časových radov získané z databázy CBT a FRED boli použité na štatistické analýzy, vrátane ADF, PP, Zivot Andrews Unit Root Tests, ARDL prístup testovania hraníc a testy Grangerovej kauzality. Na základe získaných zistení sa potvrdilo, že PZI majú pozitívny vplyv na hospodársky rast v Turecku. Okrem toho výsledky analýzy Grangerovej kauzality odhaľujú obojsmerný vzťah medzi PZI a HDP. 
610 2 0 |a rast hospodársky 
610 2 0 |a ekonomika 
610 2 0 |a investície priame zahraničné 
610 2 0 |a produkt domáci hrubý 
610 2 0 |a testy 
610 2 0 |a analýza štatistická 
610 2 0 |a Turecko 
100 1 |a Karimov, Mehman 
700 1 |a Huseynova, Emilia